[Event "Verbandsliga Suedbaden 2223"]
[Site "Germany"]
[Date "2022.12.04"]
[Round "4.5"]
[White "Scherer, Max"]
[Black "Raeber, Markus"]
[Result "0-1"]
[WhiteElo "2137"]
[BlackElo "2181"]
[PlyCount "60"]
[EventDate "2022.09.25"]
[EventType "team-tourn"]
[EventRounds "9"]
[EventCountry "GER"]
[SourceTitle "EXT 2024"]
[Source "ChessBase"]
[SourceDate "2023.10.10"]
[SourceVersion "1"]
[SourceVersionDate "2023.10.10"]
[SourceQuality "1"]
[WhiteTeam "Dreisamtal"]
[BlackTeam "Zaehringen"]
[WhiteTeamCountry "GER"]
[BlackTeamCountry "GER"]

1. c4 Nf6 2. g3 g6 3. Bg2 Bg7 4. Nc3 0-0 5. b4 a5 6. b5 d6 7. Ba3 Nbd7 8. Nf3 e5 9. 0-0 Re8 10. Rc1 Nc5 11. Nxe5 Rxe5 12. d4 Rh5 13. dxc5 Bh3 14. cxd6 Bxg2 15. Kxg2 Qd7 16. Rh1 Qh3+ 17. Kg1 cxd6 18. Qf1 Qe6 19. Qg2 Rc8 20. Qxb7 Rxc4 21. e4 Ng4 22. Ne2 Rxc1+ 23. Nxc1 Bd4 24. Nd3 Nxf2 25. Bb2 Nh3+ 26. Kg2 Bxb2 27. Nxb2 Qg4 28. Re1 Nf4+ 29. Kg1 Rxh2 30. Qc8+ Qxc8 0-1

[Event "Verbandsliga Suedbaden 2122"]
[Site "Baden"]
[Date "2022.03.13"]
[Round "7.1"]
[White "Raeber, Markus"]
[Black "Arcuti, Davide"]
[Result "0-1"]
[WhiteElo "2232"]
[BlackElo "2392"]
[PlyCount "82"]
[EventDate "2021.10.10"]
[EventType "team-tourn"]
[EventRounds "9"]
[EventCountry "GER"]
[SourceTitle "EXT 2023"]
[Source "ChessBase"]
[SourceDate "2022.10.05"]
[SourceVersion "1"]
[SourceVersionDate "2022.10.05"]
[SourceQuality "1"]
[WhiteTeam "Zaehringen"]
[BlackTeam "Dreilaendereck"]
[WhiteTeamCountry "GER"]
[BlackTeamCountry "GER"]

1. d4 Nf6 2. Nf3 e6 3. c4 d5 4. g3 Bb4+ 5. Bd2 Be7 6. Bg2 0-0 7. 0-0 c6 8. Qc2 Nbd7 9. Bf4 a5 10. Nbd2 Nh5 11. Ne5 Nxe5 12. Bxe5 f6 13. Bf4 g5 14. Be3 Ng7 15. f4 g4 16. Bf2 f5 17. Rfd1 Ne8 18. Rac1 Nf6 19. Nf1 b6 20. Ne3 Ba6 21. cxd5 cxd5 22. Qc6 Kf7 23. a3 Rc8 24. Qa4 Bxe2 25. Re1 Ba6 26. Qb3 Qd6 27. h3 h5 28. h4 Rc6 29. Rxc6 Qxc6 30. Qd1 Rc8 31. Qb1 Ne4 32. Qd1 Bf6 33. Bxe4 fxe4 34. f5 Bd3 35. fxe6+ Kxe6 36. Nxg4 Bc2 37. Qe2 hxg4 38. Qxg4+ Ke7 39. Rc1 Qe6 40. Qh5 e3 41. Be1 Be4 0-1

[Event "EU-ch Online U2300 Qual"]
[Site "Chess.com INT"]
[Date "2020.05.25"]
[Round "6"]
[White "Guliev, Logman"]
[Black "Raeber, Markus"]
[Result "1-0"]
[WhiteElo "2273"]
[BlackElo "2237"]
[PlyCount "83"]
[EventDate "2020.05.25"]
[EventType "swiss"]
[EventRounds "8"]
[EventCountry "NET"]
[SourceTitle "EXT 2021"]
[Source "ChessBase"]
[SourceDate "2020.10.23"]
[SourceVersion "1"]
[SourceVersionDate "2020.10.23"]
[SourceQuality "1"]

1. e4 d6 2. d4 Nf6 3. Nc3 g6 4. f4 Bg7 5. Nf3 c5 6. dxc5 Qa5 7. Bd3 Qxc5 8. Qe2 Bg4 9. Be3 Qa5 10. 0-0 0-0 11. h3 Bxf3 12. Qxf3 Nc6 13. a3 Rac8 14. Bd2 Nd4 15. Qf2 Nd7 16. Nd5 Qd8 17. Bc3 e6 18. Bxd4 exd5 19. Bxg7 Kxg7 20. Qd4+ Qf6 21. Qxd5 Nc5 22. e5 dxe5 23. fxe5 Qe6 24. Bc4 Qxd5 25. Bxd5 Rcd8 26. c4 b6 27. Rf3 a5 28. Raf1 Rde8 29. Rxf7+ Rxf7 30. Rxf7+ Kh6 31. b4 axb4 32. axb4 Nd3 33. e6 Nxb4 34. e7 Kg5 35. g3 h5 36. Kg2 Kh6 37. h4 g5 38. Be4 gxh4 39. gxh4 Rg8+ 40. Kh3 Rh8 41. e8Q Rxe8 42. Rh7# 1-0

[Event "EU-ch Online U2300 Qual"]
[Site "Chess.com INT"]
[Date "2020.05.25"]
[Round "4"]
[White "Raeber, Markus"]
[Black "Bayramov, Zaur"]
[Result "0-1"]
[WhiteElo "2237"]
[BlackElo "2357"]
[PlyCount "70"]
[EventDate "2020.05.25"]
[EventType "swiss"]
[EventRounds "8"]
[EventCountry "NET"]
[SourceTitle "EXT 2021"]
[Source "ChessBase"]
[SourceDate "2020.10.23"]
[SourceVersion "1"]
[SourceVersionDate "2020.10.23"]
[SourceQuality "1"]

1. d4 Nf6 2. Nf3 g6 3. g3 Bg7 4. Bg2 0-0 5. 0-0 d6 6. c4 Nc6 7. Nc3 Bf5 8. d5 Na5 9. Nd4 Bd7 10. b3 c5 11. dxc6 bxc6 12. Bb2 Rb8 13. Qd2 c5 14. Nf3 Bc6 15. Rad1 Qc7 16. h3 Qb7 17. Ba1 Qa6 18. Rfe1 Rfd8 19. e4 e5 20. Qg5 h6 21. Qc1 Be8 22. Bf1 Qb7 23. Nd5 Nxd5 24. exd5 Qc7 25. Nh2 f5 26. Bg2 Bf7 27. f4 e4 28. Bxg7 Kxg7 29. g4 Kh7 30. Nf1 Rf8 31. Ng3 Be8 32. Qc3 Nb7 33. gxf5 gxf5 34. h4 Qg7 35. Kh2 Qxc3 0-1

[Event "EU-ch Online U2300 Qual"]
[Site "Chess.com INT"]
[Date "2020.05.25"]
[Round "7"]
[White "Raeber, Markus"]
[Black "Upero, Jussi"]
[Result "0-1"]
[WhiteElo "2237"]
[BlackElo "2176"]
[PlyCount "86"]
[EventDate "2020.05.25"]
[EventType "swiss"]
[EventRounds "8"]
[EventCountry "NET"]
[SourceTitle "EXT 2021"]
[Source "ChessBase"]
[SourceDate "2020.10.23"]
[SourceVersion "1"]
[SourceVersionDate "2020.10.23"]
[SourceQuality "1"]

1. d4 d5 2. Nf3 e6 3. c4 c6 4. g3 dxc4 5. Bg2 b5 6. e4 Bb7 7. 0-0 Nf6 8. e5 Nd5 9. Ng5 Be7 10. Qh5 g6 11. Qh6 Bf8 12. Qh3 Nd7 13. Nc3 h6 14. Nce4 Be7 15. Nxe6 fxe6 16. Qxe6 Nf8 17. Qg4 Qd7 18. Qf3 Qf5 19. Qe2 Ne6 20. Be3 0-0 21. a4 a6 22. Rad1 Rad8 23. Bxh6 Rf7 24. h4 Nb4 25. Kh2 Nd3 26. Bh3 Nxd4 27. Bxf5 Nxe2 28. Bxg6 c5 29. Ng5 Bxg5 30. Bxg5 Rd5 31. axb5 axb5 32. Bxf7+ Kxf7 33. Ra1 Nd4 34. Ra7 Rd7 35. e6+ Kxe6 36. Be3 Nxb2 37. f4 Nd3 38. f5+ Nxf5 39. Bg5 Ne5 40. Re1 Nd4 41. Kh3 Ndf3 42. Rea1 Nxg5+ 43. hxg5 Rh7# 0-1

[Event "EU-ch Online U2300 Qual"]
[Site "Chess.com INT"]
[Date "2020.05.25"]
[Round "2"]
[White "Raeber, Markus"]
[Black "Vuckovic, Marko1111"]
[Result "1-0"]
[WhiteElo "2237"]
[BlackElo "2059"]
[PlyCount "105"]
[EventDate "2020.05.25"]
[EventType "swiss"]
[EventRounds "8"]
[EventCountry "NET"]
[SourceTitle "EXT 2021"]
[Source "ChessBase"]
[SourceDate "2020.10.23"]
[SourceVersion "1"]
[SourceVersionDate "2020.10.23"]
[SourceQuality "1"]

1. d4 Nf6 2. Nf3 e6 3. c4 Bb4+ 4. Bd2 c5 5. dxc5 Bxc5 6. g3 Qb6 7. e3 Qxb2 8. Nc3 Qb6 9. Bg2 Na6 10. 0-0 0-0 11. Na4 Qc7 12. Bc3 Ne4 13. Bb2 Rb8 14. Nxc5 Naxc5 15. Qd4 Nf6 16. Qh4 Nfe4 17. Rad1 b6 18. Nd4 Bb7 19. Nb5 Qd8 20. Qf4 a6 21. Nd6 Nxd6 22. Rxd6 Bxg2 23. Kxg2 Qc7 24. Rfd1 Rbc8 25. Kg1 Na4 26. Bd4 f6 27. Qg4 Qxd6 28. Bxf6 Qxd1+ 29. Qxd1 gxf6 30. Qxa4 Rc6 31. Qxa6 Rfc8 32. Qb7 R8c7 33. Qb8+ Kg7 34. Kg2 Rxc4 35. Qxb6 R4c6 36. Qd4 Rc2 37. a4 Ra2 38. Qg4+ Kf7 39. Qh5+ Kg7 40. Qb5 Ra7 41. h4 R2xa4 42. h5 Ra2 43. g4 Rd2 44. Kg3 Raa2 45. g5 Rxf2 46. Qxd7+ Kg8 47. Qxe6+ Kg7 48. Qe7+ Kg8 49. gxf6 Rg2+ 50. Kf3 Raf2+ 51. Ke4 Rg4+ 52. Kd3 Rgf4 53. Qe8# 1-0

[Event "EU-ch Online U2300 Qual"]
[Site "Chess.com INT"]
[Date "2020.05.25"]
[Round "5"]
[White "Sernecki, Franciszek"]
[Black "Raeber, Markus"]
[Result "1-0"]
[WhiteElo "2243"]
[BlackElo "2237"]
[PlyCount "105"]
[EventDate "2020.05.25"]
[EventType "swiss"]
[EventRounds "8"]
[EventCountry "NET"]
[SourceTitle "EXT 2021"]
[Source "ChessBase"]
[SourceDate "2020.10.23"]
[SourceVersion "1"]
[SourceVersionDate "2020.10.23"]
[SourceQuality "1"]

1. e4 d6 2. d4 Nf6 3. Nc3 g6 4. f4 Bg7 5. Nf3 c5 6. dxc5 Qa5 7. Bd3 Qxc5 8. Qe2 Bg4 9. Be3 Qa5 10. 0-0 0-0 11. h3 Bxf3 12. Qxf3 Nc6 13. a3 Rac8 14. b4 Qd8 15. Ne2 a6 16. Rad1 Nd7 17. g4 Nb6 18. Qf2 Na4 19. f5 Ne5 20. Bd4 Nxd3 21. cxd3 Bxd4 22. Nxd4 Nc3 23. Rd2 Qb6 24. Rc2 Nb5 25. Nxb5 Qxf2+ 26. Rfxf2 axb5 27. Kf1 Kg7 28. g5 f6 29. gxf6+ Kxf6 30. fxg6+ Kxg6 31. Rxf8 Rxc2 32. Rb8 Rc7 33. Kf2 Kg7 34. Ke3 e5 35. Rd8 Rc3 36. Rxd6 Rxa3 37. Rd7+ Kf6 38. Rxb7 Ra1 39. Rb6+ Kg5 40. Rxb5 Re1+ 41. Kf2 Rb1 42. Rxe5+ Kh4 43. b5 h5 44. Ke3 Re1+ 45. Kd4 Rb1 46. Rf5 Rb4+ 47. Kc5 Rb3 48. Kc4 Rb1 49. d4 Rh1 50. b6 Rxh3 51. b7 Rh1 52. b8Q Rc1+ 53. Kd5 1-0

[Event "Verbandsliga Suedbaden 1819"]
[Site "Baden"]
[Date "2019.03.10"]
[Round "7.2"]
[White "Raeber, Markus"]
[Black "Grunau, Christoph"]
[Result "0-1"]
[WhiteElo "2264"]
[BlackElo "2235"]
[PlyCount "72"]
[EventDate "2018.10.14"]
[EventType "team-tourn"]
[EventRounds "9"]
[EventCountry "GER"]
[SourceTitle "EXT 2020"]
[Source "ChessBase"]
[SourceDate "2019.10.17"]
[SourceVersion "1"]
[SourceVersionDate "2019.10.17"]
[SourceQuality "1"]
[WhiteTeam "Zaehringen"]
[BlackTeam "Heitersheim"]
[WhiteTeamCountry "GER"]
[BlackTeamCountry "GER"]

1. d4 d5 2. Nf3 Nf6 3. c4 c6 4. Nc3 e6 5. g3 Bd6 6. Bg2 Nbd7 7. 0-0 0-0 8. Qc2 dxc4 9. Bf4 Bxf4 10. gxf4 Nd5 11. e3 b5 12. Ng5 g6 13. Kh1 a5 14. Rg1 Ba6 15. Nce4 Qe7 16. Bh3 Nb4 17. Qe2 f5 18. Rg3 fxe4 19. Bxe6+ Kh8 20. Rh3 Nf6 21. f5 gxf5 22. Bxf5 Ra7 23. f4 Bc8 24. Bxc8 Rxc8 25. Rg1 Qd7 26. Rh6 Qf5 27. Rg3 Rg8 28. Qg2 Nd3 29. Nxh7 Rxh7 30. Rxf6 Rxg3 31. Rxf5 Rxg2 32. Kxg2 Nxb2 33. Rc5 Rc7 34. d5 Na4 35. Rxc6 Rxc6 36. dxc6 c3 0-1

[Event "Verbandsliga Suedbaden 1819"]
[Site "Baden"]
[Date "2019.01.13"]
[Round "4.3"]
[White "Raeber, Markus"]
[Black "Brink, Barry"]
[Result "0-1"]
[WhiteElo "2264"]
[BlackElo "2394"]
[PlyCount "92"]
[EventDate "2018.10.14"]
[EventType "team-tourn"]
[EventRounds "9"]
[EventCountry "GER"]
[SourceTitle "EXT 2020"]
[Source "ChessBase"]
[SourceDate "2019.10.17"]
[SourceVersion "1"]
[SourceVersionDate "2019.10.17"]
[SourceQuality "1"]
[WhiteTeam "Zaehringen"]
[BlackTeam "Oetigheim"]
[WhiteTeamCountry "GER"]
[BlackTeamCountry "GER"]

1. d4 Nf6 2. Nf3 d5 3. c4 e6 4. g3 dxc4 5. Bg2 Nc6 6. 0-0 Rb8 7. e3 b5 8. Nc3 a6 9. a4 b4 10. Nd2 Na5 11. Nce4 Nxe4 12. Nxe4 Bb7 13. Qh5 Nb3 14. Rb1 Be7 15. f4 0-0 16. Qe2 f5 17. Nd2 Bxg2 18. Qxg2 Na5 19. Nf3 Qd5 20. Bd2 c5 21. Rbd1 Bf6 22. Bc1 Rfd8 23. Qe2 Nb3 24. dxc5 Qxc5 25. Kg2 Qc6 26. Kh3 h6 27. Rg1 Qe4 28. g4 fxg4+ 29. Kxg4 Rd3 30. Rxd3 cxd3 31. Qd1 Nc5 32. Kg3 Rd8 33. Rg2 Qd5 34. Kf2 Ne4+ 35. Kg1 Rc8 36. Ne1 Rd8 37. Nf3 b3 38. Nd2 Nxd2 39. Bxd2 Bxb2 40. e4 Bd4+ 41. Kh1 Qxe4 42. Qxb3 Rc8 43. h3 Rc2 44. Qb4 Kh7 45. Kh2 a5 46. Qxa5 Be3 0-1

[Event "Verbandsliga Suedbaden 1617"]
[Site "Baden"]
[Date "2017.02.12"]
[Round "6.3"]
[White "Mohebbi, Jaffar"]
[Black "Raeber, Markus"]
[Result "1-0"]
[WhiteElo "2268"]
[BlackElo "2200"]
[PlyCount "43"]
[EventDate "2016.10.09"]
[EventType "team-tourn"]
[EventRounds "9"]
[EventCountry "GER"]
[SourceTitle "EXT 2022"]
[Source "ChessBase"]
[SourceDate "2021.10.06"]
[SourceVersion "1"]
[SourceVersionDate "2021.10.06"]
[SourceQuality "1"]
[WhiteTeam "Baden Baden IV"]
[BlackTeam "Zaehringen"]
[WhiteTeamCountry "GER"]
[BlackTeamCountry "GER"]

1. Nf3 Nf6 2. d4 g6 3. Nc3 d5 4. Bf4 Bg7 5. e3 0-0 6. Be2 b6 7. Ne5 Bb7 8. h4 Nbd7 9. h5 Ne4 10. Nxe4 Nxe5 11. Ng5 Nc4 12. hxg6 hxg6 13. Bxc4 dxc4 14. Qg4 Re8 15. Qh3 e5 16. dxe5 Qd5 17. e6 Rxe6 18. Nxe6 fxe6 19. Rd1 Qc6 20. Qh7+ Kf7 21. Be5 Rg8 22. Rd8 1-0

[Event "Verbandsliga Suedbaden 1516"]
[Site "Baden"]
[Date "2016.03.06"]
[Round "7.4"]
[White "Raeber, Markus"]
[Black "Fischer, Markus"]
[Result "1-0"]
[WhiteElo "2187"]
[BlackElo "2255"]
[PlyCount "127"]
[EventDate "2015.09.27"]
[EventType "team-tourn"]
[EventRounds "9"]
[EventCountry "GER"]
[SourceTitle "EXT 2022"]
[Source "ChessBase"]
[SourceDate "2021.10.06"]
[SourceVersion "1"]
[SourceVersionDate "2021.10.06"]
[SourceQuality "1"]
[WhiteTeam "Zaehringen"]
[BlackTeam "Heitersheim"]
[WhiteTeamCountry "GER"]
[BlackTeamCountry "GER"]

1. d4 Nf6 2. Nf3 g6 3. g3 Bg7 4. Bg2 0-0 5. 0-0 d6 6. c4 Nbd7 7. Nc3 e5 8. h3 Re8 9. e4 exd4 10. Nxd4 Nc5 11. Re1 Bd7 12. Rb1 h6 13. b3 a5 14. Bb2 c6 15. Qd2 Qc7 16. Rbd1 Rad8 17. Qf4 Nh5 18. Qf3 Ne6 19. Nxe6 fxe6 20. Qg4 Kh7 21. e5 d5 22. Ne4 Rf8 23. Nc5 Rf5 24. Qh4 Rf7 25. cxd5 cxd5 26. Bd4 Bc8 27. Rc1 Qe7 28. Qxe7 Rxe7 29. Na4 Bf8 30. Bb6 Rde8 31. Nc5 Bd7 32. Bf1 Ra8 33. Rc3 Bc6 34. Rf3 Bg7 35. Rc1 Bf8 36. a4 Bg7 37. Bg2 Bh8 38. g4 Ng7 39. Rf6 Bd7 40. Bf1 Ne8 41. Nxd7 Nxf6 42. Nxf6+ Kg7 43. Rc2 Kf7 44. Bd4 Bg7 45. Bb5 Rd8 46. Rc3 Bf8 47. Bb6 Ra8 48. Kg2 Kg7 49. h4 Rf7 50. Bd7 Bb4 51. Rf3 Re7 52. Rd3 Kf8 53. f4 Ra6 54. Bd4 Rg7 55. Kf3 Rf7 56. Rd1 Ke7 57. Bb5 Ra8 58. Rc1 Kf8 59. f5 gxf5 60. gxf5 exf5 61. e6 Re7 62. Rg1 Rxe6 63. Rg8+ Kf7 64. Rxa8 1-0

[Event "Verbandsliga Suedbaden 1516"]
[Site "Baden"]
[Date "2016.01.24"]
[Round "5.3"]
[White "Raeber, Markus"]
[Black "Pothmann, Malte"]
[Result "1-0"]
[WhiteElo "2187"]
[BlackElo "1924"]
[PlyCount "55"]
[EventDate "2015.09.27"]
[EventType "team-tourn"]
[EventRounds "9"]
[EventCountry "GER"]
[SourceTitle "EXT 2022"]
[Source "ChessBase"]
[SourceDate "2021.10.06"]
[SourceVersion "1"]
[SourceVersionDate "2021.10.06"]
[SourceQuality "1"]
[WhiteTeam "Zaehringen"]
[BlackTeam "Ebringen"]
[WhiteTeamCountry "GER"]
[BlackTeamCountry "GER"]

1. d4 d5 2. Nf3 Nf6 3. c4 e6 4. g3 c5 5. cxd5 Nxd5 6. Bg2 Nc6 7. 0-0 cxd4 8. Nxd4 Be7 9. Nxc6 bxc6 10. e4 Nb4 11. Qa4 Bd7 12. Rd1 c5 13. Qb3 Qa5 14. Nc3 Rd8 15. Bd2 Qc7 16. Qc4 0-0 17. Bf4 Qb6 18. a3 Nc2 19. Rxd7 Rxd7 20. Na4 Nxa3 21. Nxb6 Nxc4 22. Nxc4 Rfd8 23. Bf1 Rb7 24. Be2 h6 25. Ra2 Bg5 26. Bd6 Be7 27. Na5 Rbd7 28. Bxe7 1-0

[Event "Oberliga Baden 1415"]
[Site "Baden"]
[Date "2014.12.07"]
[Round "4.4"]
[White "Osorio Ortiz, Marcos Eduardo"]
[Black "Raeber, Markus"]
[Result "0-1"]
[WhiteElo "2271"]
[BlackElo "2174"]
[PlyCount "80"]
[EventDate "2014.09.21"]
[EventType "team-tourn"]
[EventRounds "9"]
[EventCountry "GER"]
[SourceTitle "EXT 2016"]
[Source "ChessBase"]
[SourceDate "2015.10.08"]
[SourceVersion "1"]
[SourceVersionDate "2015.10.08"]
[SourceQuality "1"]
[WhiteTeam "Emmendingen"]
[BlackTeam "Freiburg Zaehringen"]
[WhiteTeamCountry "GER"]
[BlackTeamCountry "GER"]

1. e4 c5 2. Nf3 d6 3. Bb5+ Bd7 4. a4 g6 5. 0-0 Bg7 6. c3 Nf6 7. Re1 0-0 8. h3 Bc6 9. d3 a6 10. Bxc6 Nxc6 11. Nbd2 b5 12. d4 cxd4 13. cxd4 Nd7 14. Nb3 Nb6 15. axb5 axb5 16. Rxa8 Qxa8 17. d5 Ne5 18. Nfd4 Qa4 19. f4 Nec4 20. Nc6 Nxb2 21. Nxe7+ Kh8 22. Qf3 N2c4 23. e5 dxe5 24. f5 Qb4 25. f6 Qxe1+ 26. Kh2 Qh4 27. fxg7+ Kxg7 28. Nc6 Nd7 29. Qc3 Qe4 30. Ne7 Nf6 31. Qb4 Rd8 32. Nc5 Qh4 33. g3 Qh5 34. g4 Nxg4+ 35. Kg3 Nf6 36. Qxb5 Nd6 37. Qb6 Nfe4+ 38. Nxe4 Nxe4+ 39. Kg2 Qe2+ 40. Kg1 Rd6 0-1

[Event "Verbandsliga Sued Baden 1213"]
[Site "Baden"]
[Date "2013.03.03"]
[Round "7.1"]
[White "Raeber, Markus"]
[Black "Merkel, Markus"]
[Result "1/2-1/2"]
[WhiteElo "2201"]
[BlackElo "2105"]
[PlyCount "36"]
[EventDate "2012.10.21"]
[EventType "team-tourn"]
[EventRounds "9"]
[EventCountry "GER"]
[SourceTitle "EXT 2014"]
[Source "ChessBase"]
[SourceDate "2013.11.20"]
[SourceVersion "1"]
[SourceVersionDate "2013.11.20"]
[SourceQuality "1"]
[WhiteTeam "Zaehringen"]
[BlackTeam "Iffezheim"]
[WhiteTeamCountry "GER"]
[BlackTeamCountry "GER"]

1. d4 Nf6 2. Nf3 d6 3. g3 Nbd7 4. Bg2 e5 5. c4 Be7 6. Nc3 0-0 7. 0-0 c6 8. Qc2 Qc7 9. b3 b5 10. Ba3 bxc4 11. dxe5 Nxe5 12. Nxe5 dxe5 13. Nb5 Qb7 14. Nd6 Qa6 15. Bc5 Nd7 16. b4 Nxc5 17. bxc5 Be6 18. Rab1 Rab8 1/2-1/2

[Event "SUI-chT"]
[Site "Switzerland"]
[Date "2012.10.21"]
[Round "9.8"]
[White "Friedrich, Norbert"]
[Black "Raeber, Markus"]
[Result "0-1"]
[WhiteElo "2323"]
[BlackElo "2266"]
[PlyCount "82"]
[EventDate "2012.03.18"]
[EventType "team-tourn"]
[EventRounds "9"]
[EventCountry "SUI"]
[SourceTitle "EXT 2013"]
[Source "ChessBase"]
[SourceDate "2012.11.22"]
[SourceVersion "1"]
[SourceVersionDate "2012.11.22"]
[SourceQuality "1"]
[WhiteTeam "Zuerich"]
[BlackTeam "Luzern"]
[WhiteTeamCountry "SUI"]
[BlackTeamCountry "SUI"]

1. e4 c5 2. Nf3 d6 3. c3 Nf6 4. h3 Bd7 5. Bd3 Nc6 6. Bc2 e6 7. 0-0 Be7 8. Re1 0-0 9. d4 cxd4 10. cxd4 Nb4 11. Bb3 Bb5 12. Nc3 Ba6 13. Re3 d5 14. e5 Nd7 15. a3 Nc6 16. Bc2 Rc8 17. b4 Bc4 18. Bb2 b5 19. Ne2 a5 20. bxa5 Qxa5 21. Nf4 g6 22. h4 Nb6 23. Bc3 Qa7 24. Ng5 Na4 25. Nxh7 Nxc3 26. Rxc3 Qxd4 27. Qxd4 Nxd4 28. Nxf8 b4 29. axb4 Bxb4 30. Rxc4 dxc4 31. Nd7 Nxc2 32. Ra7 Nd4 33. h5 gxh5 34. Nf6+ Kg7 35. N6xh5+ Kf8 36. Nf6 c3 37. Nh7+ Kg7 38. Ng5 c2 39. Rxf7+ Kg8 40. Nd3 Bd2 41. f4 Bxf4 0-1

[Event "SUI-chT"]
[Site "Switzerland"]
[Date "2012.06.03"]
[Round "4.7"]
[White "Raeber, Markus"]
[Black "Paehtz, Thomas Sr"]
[Result "0-1"]
[WhiteElo "2266"]
[BlackElo "2355"]
[PlyCount "136"]
[EventDate "2012.03.18"]
[EventType "team-tourn"]
[EventRounds "9"]
[EventCountry "SUI"]
[SourceTitle "EXT 2013"]
[Source "ChessBase"]
[SourceDate "2012.11.22"]
[SourceVersion "1"]
[SourceVersionDate "2012.11.22"]
[SourceQuality "1"]
[WhiteTeam "Luzern"]
[BlackTeam "Reti"]
[WhiteTeamCountry "SUI"]
[BlackTeamCountry "SUI"]

1. d4 e6 2. Nf3 c5 3. c4 cxd4 4. Nxd4 Nf6 5. Nc3 d5 6. cxd5 Nxd5 7. Bd2 Bc5 8. Nb3 Bb6 9. Nxd5 Qxd5 10. Bc3 Qxd1+ 11. Rxd1 0-0 12. g3 Bd7 13. Bg2 Bc6 14. 0-0 Re8 15. Rd2 Bxg2 16. Kxg2 Nc6 17. Rd7 Re7 18. Rfd1 Rd8 19. Rxd8+ Bxd8 20. Ba5 Bxa5 21. Nxa5 g6 22. Nxc6 bxc6 23. Rd8+ Kg7 24. Kf3 Rb7 25. b3 Rb5 26. Rd7 a5 27. Ra7 Rc5 28. Ke3 e5 29. Kd3 Kf6 30. e4 Ke6 31. g4 h5 32. gxh5 gxh5 33. Kd2 h4 34. a4 Kf6 35. h3 Kg6 36. Ra8 Kg5 37. Rg8+ Kf4 38. Rg4+ Kf3 39. Rxh4 f5 40. exf5 e4 41. f6 Rf5 42. Kc3 Rxf6 43. Kd4 Rf5 44. Kc4 Re5 45. Kd4 Rf5 46. Rg4 c5+ 47. Kc4 Re5 48. Kb5 Kxf2 49. Kxa5 c4+ 50. Kb4 cxb3 51. Kxb3 e3 52. Rf4+ Kg3 53. Rg4+ Kf3 54. Rg1 e2 55. Kb4 e1Q+ 56. Rxe1 Rxe1 57. a5 Ke4 58. Kc5 Ra1 59. Kb6 Kd5 60. a6 Kd6 61. Kb7 Kd7 62. a7 Rb1+ 63. Ka6 Kc7 64. a8N+ Kc6 65. Ka7 Rb7+ 66. Ka6 Rb3 67. Ka7 Rxh3 68. Kb8 Rh7 0-1

[Event "SUI-chT"]
[Site "Switzerland"]
[Date "2012.04.15"]
[Round "2.7"]
[White "Kaenel, Hansjuerg"]
[Black "Raeber, Markus"]
[Result "1-0"]
[WhiteElo "2358"]
[BlackElo "2206"]
[PlyCount "109"]
[EventDate "2012.03.18"]
[EventType "team-tourn"]
[EventRounds "9"]
[EventCountry "SUI"]
[SourceTitle "EXT 2013"]
[Source "ChessBase"]
[SourceDate "2012.11.22"]
[SourceVersion "1"]
[SourceVersionDate "2012.11.22"]
[SourceQuality "1"]
[WhiteTeam "Riehen"]
[BlackTeam "Luzern"]
[WhiteTeamCountry "SUI"]
[BlackTeamCountry "SUI"]

1. Nf3 Nf6 2. e3 e6 3. b3 c5 4. Bb2 Nc6 5. Bb5 d5 6. 0-0 Bd6 7. c4 0-0 8. cxd5 exd5 9. d4 cxd4 10. Nxd4 Ne5 11. Nd2 Ne4 12. Be2 Qh4 13. N2f3 Qh6 14. Nxe5 Bxe5 15. f4 Bf6 16. Rc1 g5 17. Bg4 Qg6 18. Rxc8 Raxc8 19. Bf5 Qh6 20. Bxc8 Rxc8 21. Nf5 Qg6 22. Qxd5 Re8 23. Qd7 Rd8 24. Ne7+ Bxe7 25. Qxe7 Rc8 26. f5 Qc6 27. Rd1 f6 28. h3 Qc2 29. Rd8+ Rxd8 30. Qxd8+ Kg7 31. Bxf6+ Nxf6 32. Qe7+ Kg8 33. Qxf6 Qc1+ 34. Kf2 Qd2+ 35. Kf3 Qd1+ 36. Kg3 Qe1+ 37. Kh2 Qxe3 38. Qe6+ Qxe6 39. fxe6 Kg7 40. Kg3 h5 41. h4 g4 42. Kf4 Kf6 43. e7 Kxe7 44. Kg5 Ke6 45. Kxh5 Kf5 46. g3 a5 47. a3 b5 48. b4 a4 49. Kh6 Ke4 50. h5 Kf3 51. Kg5 Kxg3 52. h6 Kf3 53. h7 g3 54. h8Q g2 55. Qd4 1-0

[Event "Verbandsliga Sued Baden 1112"]
[Site "Germany"]
[Date "2012.02.12"]
[Round "6.2"]
[White "Raeber, Markus"]
[Black "Raka, Ramadan"]
[Result "1-0"]
[WhiteElo "2206"]
[BlackElo "2139"]
[PlyCount "103"]
[EventDate "2011.10.09"]
[EventType "team-tourn"]
[EventRounds "9"]
[EventCountry "GER"]
[SourceTitle "EXT 2013"]
[Source "ChessBase"]
[SourceDate "2012.11.22"]
[SourceVersion "1"]
[SourceVersionDate "2012.11.22"]
[SourceQuality "1"]
[WhiteTeam "Zaehringen"]
[BlackTeam "Iffezheim"]
[WhiteTeamCountry "GER"]
[BlackTeamCountry "GER"]

1. d4 c6 2. c4 d5 3. Nc3 Nf6 4. Nf3 e6 5. Bg5 Be7 6. e3 Nbd7 7. Bd3 0-0 8. 0-0 Re8 9. Qc2 Nf8 10. Ne5 N6d7 11. Bxe7 Qxe7 12. f4 f6 13. Nxd7 Bxd7 14. Rae1 Qd6 15. Qb3 Rab8 16. cxd5 cxd5 17. f5 Kh8 18. fxe6 Bxe6 19. Bf5 Bg8 20. Bg4 Ng6 21. Bh5 Re7 22. Bxg6 hxg6 23. Rf3 Be6 24. Rg3 g5 25. Kf2 Kg8 26. h3 Rc8 27. Re2 Bf7 28. a3 Rc4 29. Qc2 Bh5 30. Rd2 Rec7 31. Qf5 Rd7 32. Nb5 Qe7 33. b3 Rc1 34. Nxa7 Qe8 35. Nb5 Bg6 36. Qg4 Bh5 37. Qf5 Bg6 38. Qf3 Be4 39. Qe2 Qc8 40. h4 Rh1 41. Rh3 Qc1 42. Rxh1 Qxh1 43. Qg4 Qc1 44. Re2 f5 45. Qh5 Rf7 46. Nd6 Rf8 47. hxg5 f4 48. g6 fxe3+ 49. Kg3 Rf6 50. Nxe4 dxe4 51. Qd5+ Kf8 52. Qd8# 1-0

[Event "SUI-chT"]
[Site "Switzerland"]
[Date "2011.05.08"]
[Round "4.8"]
[White "Lopez, Manuel"]
[Black "Raeber, Markus"]
[Result "1-0"]
[WhiteElo "1960"]
[BlackElo "2237"]
[PlyCount "65"]
[EventDate "2011.02.27"]
[EventType "team-tourn"]
[EventRounds "9"]
[EventCountry "SUI"]
[SourceTitle "EXT 2012"]
[Source "ChessBase"]
[SourceDate "2011.11.24"]
[SourceVersion "1"]
[SourceVersionDate "2011.11.24"]
[SourceQuality "1"]
[WhiteTeam "Echallens"]
[BlackTeam "Luzern"]
[WhiteTeamCountry "SUI"]
[BlackTeamCountry "SUI"]

1. e4 d6 2. d4 Nf6 3. Nc3 g6 4. Be2 Bg7 5. h4 h5 6. Bg5 c6 7. Qd2 b5 8. f3 b4 9. Nd1 a5 10. Nh3 Qb6 11. Be3 Bxh3 12. Rxh3 Nbd7 13. Nf2 Qc7 14. Kf1 e5 15. c3 0-0 16. g4 Rae8 17. gxh5 Nxh5 18. Ng4 f5 19. Nh6+ Kh7 20. exf5 gxf5 21. Bg5 Nf4 22. Bxf4 exf4 23. Nxf5 Nf6 24. Bd3 Kh8 25. Qxf4 Nd5 26. Qg5 Qd7 27. Qh5+ Kg8 28. Nh6+ Bxh6 29. Rg3+ Qg7 30. Rxg7+ Bxg7 31. Bh7+ Kh8 32. Bg6+ Kg8 33. Qh7# 1-0